Normal view
MARC view
Entry Geographic Name
001 - CONTROL NUMBER
- control field: 49468
003 - CONTROL NUMBER IDENTIFIER
- control field: ARRUPE
005 - DATE AND TIME OF LATEST TRANSACTION
- control field: 20200207112552.0
008 - FIXED-LENGTH DATA ELEMENTS
- fixed length control field: 200207|| aca||aabn | a|a d
040 ## - CATALOGING SOURCE
- Original cataloging agency: ARRUPE
- Transcribing agency: ARRUPE
151 ## - HEADING--GEOGRAPHIC NAME
- Geographic name: Clyro Region (Powys)
- General subdivision: Social life and customs.
670 ## - SOURCE DATA FOUND
- Source citation: Work cat.: (ARRUPE)0: Kilvert, Robert Francis, 1840-1879. 49464, Kilvert's diary, 1870-1879 :, 1979